00307nam a22000977a 4500040000900000082002100009100002600030245005700056260003900113650005700152 cNUST a342.5491029bMUH aMuhammad Abdul Basit  aThe Constitution of the Islamic Republic of Pakistan aLahore:bFederal Law House,c2021. 2The Constitution of the Islamic Republic of Pakistan